[Event "Budapest FS07 IM"]
[Site "Budapest"]
[Date "2023.07.04"]
[Round "4"]
[White "Ahluwalia, Amardip"]
[Black "Bhillva Nilaya, Kondari Eswara"]
[Result "1-0"]
[WhiteElo "2160"]
[BlackElo "2074"]
[PlyCount "75"]
[EventDate "2023.07.01"]
[EventType "swiss"]
[EventRounds "9"]
[EventCountry "HUN"]
[SourceTitle "EXT 2024"]
[Source "ChessBase"]
[SourceDate "2023.10.10"]
[SourceVersion "1"]
[SourceVersionDate "2023.10.10"]
[SourceQuality "1"]

1. e4 e5 2. Nf3 Nc6 3. Bc4 Nf6 4. d3 h6 5. 0-0 d6 6. c3 g5 7. Nbd2 Bg7 8. Bb3 a5 9. Nc4 Be6 10. Re1 0-0 11. Ne3 d5 12. exd5 Nxd5 13. h4 Nxe3 14. Bxe3 Bxb3 15. Qxb3 g4 16. Nh2 Rb8 17. Nxg4 Qxh4 18. Qc4 Qh5 19. Bxh6 Kh8 20. Bxg7+ Kxg7 21. Nh2 f5 22. Re3 Rh8 23. Rh3 Qe2 24. Rg3+ Kf6 25. Nf3 Rbd8 26. Ng5 Qh5 27. Qe6+ Kg7 28. Nf7+ Kf8 29. Nxh8 Qxh8 30. Qxf5+ Ke7 31. Rh3 Qg8 32. Rh7+ Kd6 33. Qf6+ Kc5 34. Rxc7 Rd6 35. Qxe5+ Rd5 36. Qe7+ Kb6 37. Rxb7+ Ka6 38. Qc7 1-0

[Event "BCF-chT2 2223 (4NCL)"]
[Site "England"]
[Date "2023.03.19"]
[Round "8.24"]
[White "Shafi, Declan"]
[Black "Ahluwalia, Amardip"]
[Result "0-1"]
[WhiteElo "2177"]
[BlackElo "2165"]
[PlyCount "50"]
[EventDate "2022.10.22"]
[EventType "team-tourn"]
[EventRounds "11"]
[EventCountry "ENG"]
[SourceTitle "EXT 2024"]
[Source "ChessBase"]
[SourceDate "2023.10.10"]
[SourceVersion "1"]
[SourceVersionDate "2023.10.10"]
[SourceQuality "1"]
[WhiteTeam "Alba"]
[BlackTeam "The ADS"]
[WhiteTeamCountry "ENG"]
[BlackTeamCountry "ENG"]

1. Nf3 Nf6 2. c4 e6 3. g3 d5 4. Bg2 Be7 5. 0-0 0-0 6. d4 dxc4 7. Qc2 a6 8. a4 Nbd7 9. Qxc4 c5 10. dxc5 Nxc5 11. Be3 Ncd7 12. a5 Nd5 13. Bd2 b5 14. axb6 Qxb6 15. e4 N5f6 16. Nc3 Bb7 17. Be3 Qb4 18. Qe2 Nxe4 19. Nd4 Nec5 20. Nc2 Qb6 21. b4 Bxg2 22. bxc5 Bxf1 23. Qxf1 Nxc5 24. Na4 Qc7 25. Qc4 Rfc8 0-1

[Event "BCF-chT2 2223 (4NCL)"]
[Site "England"]
[Date "2023.01.15"]
[Round "4.13"]
[White "Voyiakis, Emmanuel"]
[Black "Ahluwalia, Amardip"]
[Result "1-0"]
[WhiteElo "2210"]
[BlackElo "2192"]
[PlyCount "115"]
[EventDate "2022.10.22"]
[EventType "team-tourn"]
[EventRounds "11"]
[EventCountry "ENG"]
[SourceTitle "EXT 2024"]
[Source "ChessBase"]
[SourceDate "2023.10.10"]
[SourceVersion "1"]
[SourceVersionDate "2023.10.10"]
[SourceQuality "1"]
[WhiteTeam "Schach Attack"]
[BlackTeam "The ADS"]
[WhiteTeamCountry "ENG"]
[BlackTeamCountry "ENG"]

1. Nf3 Nf6 2. g3 g6 3. b4 Bg7 4. Bb2 d5 5. Bg2 0-0 6. 0-0 Nbd7 7. d3 Re8 8. Nbd2 e5 9. e4 c6 10. c4 d4 11. c5 b6 12. cxb6 Nxb6 13. Nb3 Nfd7 14. a4 Ba6 15. Na5 Rc8 16. Qb3 Rc7 17. Rfc1 c5 18. b5 Bb7 19. Rc2 Bf8 20. Ba3 Ba8 21. Nd2 Kg7 22. Nac4 Nxc4 23. Nxc4 Rc8 24. a5 Rb8 25. Rb1 Bc6 26. b6 axb6 27. axb6 Ra8 28. Ra2 Ba4 29. Qb2 Bc6 30. Qb3 Ba4 31. Qb2 Bc6 32. Qd2 Qc8 33. Bc1 Ra6 34. Bh3 Rxa2 35. Qxa2 f6 36. Qa7 Rd8 37. Na5 Bd6 38. b7 Qc7 39. Nxc6 Qxc6 40. Bxd7 Qxd7 41. b8Q Bxb8 42. Qxd7+ Rxd7 43. Rxb8 c4 44. dxc4 d3 45. Bd2 Rd4 46. f3 Rxc4 47. Rd8 f5 48. exf5 gxf5 49. Rxd3 e4 50. fxe4 Rxe4 51. Kf2 h5 52. Rd4 Re6 53. Bc3 Kg6 54. Rc4 Ra6 55. h4 Re6 56. Kf3 Re7 57. Rc6+ Kh7 58. Kf4 1-0

[Event "BCF-chT 2122 (4NCL)"]
[Site "England"]
[Date "2022.03.26"]
[Round "5.112"]
[White "Villiers, Thomas"]
[Black "Ahluwalia, Amardip"]
[Result "1-0"]
[WhiteElo "2202"]
[BlackElo "2230"]
[PlyCount "77"]
[EventDate "2021.11.27"]
[EventType "team-swiss"]
[EventRounds "11"]
[EventCountry "ENG"]
[SourceTitle "EXT 2023"]
[Source "ChessBase"]
[SourceDate "2022.10.05"]
[SourceVersion "1"]
[SourceVersionDate "2022.10.05"]
[SourceQuality "1"]
[WhiteTeam "Barnet Knights"]
[BlackTeam "The ADS"]
[WhiteTeamCountry "ENG"]
[BlackTeamCountry "ENG"]

1. d4 Nf6 2. c4 g6 3. Nf3 Bg7 4. Nc3 d5 5. cxd5 Nxd5 6. Bd2 0-0 7. e4 Nxc3 8. Bxc3 c5 9. d5 Nd7 10. Qc2 Rb8 11. Be2 b5 12. h4 Bxc3+ 13. bxc3 Nf6 14. h5 Nxh5 15. Ne5 Nf6 16. Nc6 Qc7 17. Nxb8 Qxb8 18. 0-0 Qe5 19. Rae1 Qxe4 20. Qxe4 Nxe4 21. Bxb5 f5 22. Re3 Nd6 23. Bc6 Rf7 24. Rb1 Kg7 25. Rb8 Kf6 26. f4 Rg7 27. Be8 Rg8 28. Bd7 Kf7 29. Be6+ Bxe6 30. dxe6+ Kg7 31. Rxg8+ Kxg8 32. c4 Nxc4 33. Rc3 Nd6 34. Rxc5 Kf8 35. a4 h6 36. a5 Nb7 37. Rc8+ Kg7 38. a6 Na5 39. Rc7 1-0

[Event "BCF-chT2a 1920 (4NCL)"]
[Site "Daventry"]
[Date "2020.02.29"]
[Round "1.15"]
[White "Mihalik, Agoston"]
[Black "Ahluwalia, Amardip"]
[Result "1/2-1/2"]
[WhiteElo "2205"]
[BlackElo "2186"]
[PlyCount "152"]
[EventDate "2020.01.11"]
[EventType "team-tourn"]
[EventRounds "11"]
[EventCountry "ENG"]
[SourceTitle "CBM 195 Extra"]
[Source "ChessBase"]
[SourceDate "2020.05.31"]
[SourceVersion "1"]
[SourceVersionDate "2020.05.31"]
[SourceQuality "1"]
[WhiteTeam "West is Best"]
[BlackTeam "The ADS"]
[WhiteTeamCountry "ENG"]
[BlackTeamCountry "ENG"]

1. e4 e5 2. Nf3 Nc6 3. d4 exd4 4. Bc4 Bc5 5. c3 Nf6 6. e5 d5 7. Bb5 Ne4 8. cxd4 Bb4+ 9. Bd2 Nxd2 10. Nbxd2 0-0 11. Bxc6 bxc6 12. 0-0 c5 13. Rc1 c4 14. h3 a5 15. Re1 a4 16. Re3 c5 17. a3 cxd4 18. Nxd4 Bc5 19. N2f3 Qb6 20. Qd2 Rb8 21. Re2 Qg6 22. Kh2 Bd7 23. Rd1 Rfe8 24. Qc3 Qb6 25. Rde1 Be6 26. Rd1 Bc8 27. Qc2 Qg6 28. Qxa4 Be6 29. Qc2 Qxc2 30. Rxc2 Bd7 31. Re1 Bb6 32. Rce2 Bc5 33. Kg1 Rb6 34. Rd2 Rbb8 35. Ne2 Be6 36. Nc3 d4 37. Ne4 c3 38. bxc3 dxc3 39. Nxc3 Bxa3 40. Nd5 Bxd5 41. Rxd5 f6 42. Red1 Bb2 43. exf6 Bxf6 44. h4 Rbd8 45. Rxd8 Rxd8 46. Rxd8+ Bxd8 47. g3 g6 48. Kg2 Kg7 49. Ng5 Bb6 50. Ne4 Bd8 51. Kf3 Bb6 52. Ng5 Ba7 53. Nh3 Bb6 54. Ke4 Bc7 55. Kd5 Bb6 56. Ke6 h5 57. f3 Ba5 58. Ng5 Be1 59. Ne4 Ba5 60. Kd6 Bb6 61. Ke5 Bc7+ 62. Kd4 Bb6+ 63. Kd3 Kf7 64. Ng5+ Kf6 65. Ke2 Bc7 66. Kf2 Bb6+ 67. Kg2 Ba5 68. g4 hxg4 69. fxg4 Be1 70. Nf3 Bc3 71. Kg3 Bb2 72. Kf2 Bc1 73. Ke2 Bf4 74. Kd3 Bg3 75. Ke4 Bxh4 76. Nxh4 Kg5 1/2-1/2

[Event "Heart of Finland op 29th"]
[Site "Jyvaskyla"]
[Date "2019.07.18"]
[Round "6"]
[White "Vihinen, Teemu"]
[Black "Ahluwalia, Amardip"]
[Result "1-0"]
[WhiteElo "2142"]
[BlackElo "2216"]
[PlyCount "107"]
[EventDate "2019.07.15"]
[EventType "swiss"]
[EventRounds "9"]
[EventCountry "FIN"]
[SourceTitle "EXT 2021"]
[Source "ChessBase"]
[SourceDate "2020.10.23"]
[SourceVersion "1"]
[SourceVersionDate "2020.10.23"]
[SourceQuality "1"]

1. e4 e5 2. Nf3 Nc6 3. Bb5 a6 4. Ba4 Nf6 5. 0-0 b5 6. Bb3 Bc5 7. c3 d6 8. h3 0-0 9. Re1 Bb6 10. d3 Ne7 11. Nbd2 Ng6 12. Nf1 Bd7 13. Ng3 c5 14. Be3 Be6 15. d4 Bxb3 16. Qxb3 exd4 17. cxd4 c4 18. Qc2 d5 19. e5 Ne8 20. Bd2 a5 21. a3 Nc7 22. Nf5 Ne6 23. Bc3 Ngf4 24. Red1 Rb8 25. b4 Ng5 26. Ne1 Ne4 27. Ng3 Nxc3 28. Qxc3 Qh4 29. Qe3 Ne6 30. Nf5 Qd8 31. Nc2 a4 32. Qf3 Ng5 33. Qxd5 Qxd5 34. Ne7+ Kh8 35. Nxd5 Ba7 36. Nc3 f6 37. Re1 Ne6 38. exf6 Rxf6 39. Re4 Nf4 40. Rae1 Nd3 41. Re8+ Rf8 42. Rxb8 Bxb8 43. Re2 Nf4 44. Re4 Nd3 45. f3 Bg3 46. Nxb5 Nf2 47. Re2 Nd1 48. Rd2 Nb2 49. Nc3 Re8 50. Re2 Rd8 51. Ne4 Bc7 52. Nc5 Bg3 53. Kf1 h6 54. Re4 1-0

[Event "BCF-chT2 1819 (4NCL) Demotion"]
[Site "England"]
[Date "2019.05.06"]
[Round "11.58"]
[White "Murphy, Hugh W"]
[Black "Ahluwalia, Amardip"]
[Result "1-0"]
[WhiteElo "2102"]
[BlackElo "2132"]
[PlyCount "63"]
[EventDate "2018.11.10"]
[EventType "team-tourn"]
[EventRounds "11"]
[EventCountry "ENG"]
[SourceTitle "EXT 2021"]
[Source "ChessBase"]
[SourceDate "2020.10.23"]
[SourceVersion "1"]
[SourceVersionDate "2020.10.23"]
[SourceQuality "1"]
[WhiteTeam "Grantham Sharks II"]
[BlackTeam "The ADS"]
[WhiteTeamCountry "ENG"]
[BlackTeamCountry "ENG"]

1. d4 Nf6 2. Nf3 d5 3. e3 Bf5 4. c4 c6 5. cxd5 cxd5 6. Nc3 e6 7. Ne5 Nbd7 8. g4 Bg6 9. h4 h6 10. Nxg6 fxg6 11. Bd3 Kf7 12. Qf3 Bb4 13. Bd2 g5 14. hxg5 hxg5 15. 0-0-0 Qb6 16. Kb1 Rac8 17. Rxh8 Rxh8 18. e4 Qxd4 19. Nb5 Qc5 20. Bxb4 Qxb4 21. exd5 exd5 22. Qf5 Re8 23. a3 Qf8 24. f4 Kg8 25. Qxg5 Nc5 26. Bg6 Rd8 27. Rh1 Qe7 28. Nd4 Qe3 29. Qh4 Kf8 30. Nf5 Qd3+ 31. Ka1 Rd7 32. Qxf6+ 1-0

[Event "BCF-chT2 1819 (4NCL) Demotion"]
[Site "England"]
[Date "2019.05.04"]
[Round "9.57"]
[White "Ahluwalia, Amardip"]
[Black "De Coverly, Roger D"]
[Result "1-0"]
[WhiteElo "2132"]
[BlackElo "1953"]
[PlyCount "101"]
[EventDate "2018.11.10"]
[EventType "team-tourn"]
[EventRounds "11"]
[EventCountry "ENG"]
[SourceTitle "EXT 2021"]
[Source "ChessBase"]
[SourceDate "2020.10.23"]
[SourceVersion "1"]
[SourceVersionDate "2020.10.23"]
[SourceQuality "1"]
[WhiteTeam "The ADS"]
[BlackTeam "Wessex"]
[WhiteTeamCountry "ENG"]
[BlackTeamCountry "ENG"]

1. c4 e5 2. g3 Nf6 3. Bg2 d5 4. cxd5 Nxd5 5. Nc3 Nb6 6. Nf3 Nc6 7. 0-0 Be6 8. Rb1 f6 9. d3 g5 10. h4 g4 11. Ne1 h5 12. Nc2 a5 13. Be3 Nd5 14. Bd2 Be7 15. Ne3 Nb6 16. b3 0-0 17. Nc4 Nd5 18. Rc1 f5 19. Bh6 Rf7 20. Nxd5 Bxd5 21. e4 Bxc4 22. dxc4 Qxd1 23. Rfxd1 Kh7 24. Bd2 f4 25. Bc3 fxg3 26. fxg3 Bc5+ 27. Kh2 Bd4 28. Be1 a4 29. b4 Bb2 30. Rc2 a3 31. Rd5 Nd4 32. Rf2 Raf8 33. Rxf7+ Rxf7 34. b5 Kg6 35. Rd8 Nc2 36. Bd2 Bd4 37. Rg8+ Kh7 38. Rg5 Rf2 39. Rxh5+ Kg6 40. Rg5+ Kf6 41. Rf5+ Rxf5 42. exf5 Kxf5 43. Bxb7 e4 44. Bc8+ Kg6 45. Bxg4 e3 46. Ba5 Be5 47. Kg2 Nd4 48. Bf3 Nb3 49. Bb4 Nc1 50. Bxa3 Nxa2 51. Bc5 1-0

[Event "Paris ChessMates 3rd"]
[Site "Paris"]
[Date "2019.03.29"]
[Round "2.1"]
[White "Murphy, Sean"]
[Black "Ahluwalia, Amardip"]
[Result "0-1"]
[WhiteElo "1964"]
[BlackElo "2207"]
[PlyCount "127"]
[EventDate "2019.03.29"]
[EventType "team-tourn"]
[EventRounds "5"]
[EventCountry "FRA"]
[SourceTitle "CBM 189 Extra"]
[Source "ChessBase"]
[SourceDate "2019.05.31"]
[SourceVersion "1"]
[SourceVersionDate "2019.05.31"]
[SourceQuality "1"]
[WhiteTeam "Ireland"]
[BlackTeam "England"]
[WhiteTeamCountry "IRL"]
[BlackTeamCountry "ENG"]

1. d4 Nf6 2. c4 g6 3. Nc3 d5 4. Nf3 Bg7 5. Qb3 dxc4 6. Qxc4 0-0 7. e4 a6 8. Be2 b5 9. Qb3 Bb7 10. e5 Nd5 11. Ne4 Nb6 12. Nc5 Bd5 13. Qc2 N8d7 14. 0-0 Nxc5 15. Qxc5 Rc8 16. b3 f6 17. exf6 exf6 18. a4 c6 19. Ba3 Re8 20. Qc2 Be4 21. Qd2 Nd5 22. axb5 axb5 23. Bc5 Qd7 24. Ra7 Qg4 25. Ne1 Qf4 26. Qxf4 Nxf4 27. Bf3 f5 28. g3 Nh3+ 29. Kg2 Ng5 30. Bxe4 Nxe4 31. Nf3 g5 32. Rc1 Bf6 33. Rc2 g4 34. Nd2 Nxc5 35. dxc5 Re2 36. Raa2 Bd4 37. Nf1 Re1 38. Re2 Rc1 39. Rac2 Rb1 40. Nd2 Rd1 41. Nf1 Rb1 42. Nd2 Ra1 43. Re6 Rca8 44. Nf1 Rb1 45. Ne3 Raa1 46. f4 Rxb3 47. Re2 Kf7 48. Re7+ Kxe7 49. Nxf5+ Kf8 50. Nxd4 Rbb1 51. Nxc6 Rg1+ 52. Kf2 Raf1+ 53. Ke3 Re1 54. Ne5 Rxe2+ 55. Kxe2 h5 56. c6 Ke7 57. Ke3 Rc1 58. Kd4 Kd6 59. Ke4 b4 60. Nd3 Rxc6 61. Kf5 b3 62. Kg5 Rc3 63. Nb2 Rc2 64. Na4 0-1

[Event "BCF-chT2a 1819 (4NCL)"]
[Site "England"]
[Date "2018.11.11"]
[Round "2.24"]
[White "Gallagher, Daniel GH"]
[Black "Ahluwalia, Amardip"]
[Result "1-0"]
[WhiteElo "2267"]
[BlackElo "2132"]
[PlyCount "121"]
[EventDate "2018.11.10"]
[EventType "team-tourn"]
[EventRounds "11"]
[EventCountry "ENG"]
[SourceTitle "EXT 2021"]
[Source "ChessBase"]
[SourceDate "2020.10.23"]
[SourceVersion "1"]
[SourceVersionDate "2020.10.23"]
[SourceQuality "1"]
[WhiteTeam "Anglian Avengers"]
[BlackTeam "The ADS"]
[WhiteTeamCountry "ENG"]
[BlackTeamCountry "ENG"]

1. Nf3 Nf6 2. c4 c5 3. Nc3 d5 4. cxd5 Nxd5 5. g3 g6 6. Bg2 Bg7 7. 0-0 0-0 8. d4 Nc6 9. Nxd5 Qxd5 10. Be3 Qd8 11. dxc5 Bxb2 12. Rb1 Bg7 13. Qa4 Qc7 14. Qh4 h5 15. h3 Ne5 16. Ng5 Nd7 17. Rfc1 Rb8 18. Ne4 Nf6 19. Bf4 e5 20. Nxf6+ Bxf6 21. Qxf6 exf4 22. Qxf4 Qxf4 23. gxf4 Be6 24. a3 b5 25. cxb6 Rxb6 26. Rxb6 axb6 27. h4 b5 28. Rb1 Bc4 29. e3 Rd8 30. Bf1 Ra8 31. Bxc4 bxc4 32. Rc1 Rxa3 33. Rxc4 Ra5 34. Kg2 Kg7 35. Kf3 Rb5 36. Rc6 Ra5 37. Kg3 Rb5 38. Rc3 Ra5 39. e4 Rb5 40. Rf3 Kf6 41. Rc3 Kg7 42. e5 Ra5 43. Re3 Rb5 44. f5 Rb4 45. f6+ Kf8 46. f3 Ke8 47. Rd3 Ra4 48. f4 Rb4 49. Kf3 Ra4 50. Ke3 Rb4 51. Rd4 Rb3+ 52. Ke4 Rh3 53. Ra4 Rxh4 54. Ra8+ Kd7 55. Rf8 g5 56. Rxf7+ Ke8 57. Re7+ Kf8 58. e6 Rxf4+ 59. Ke5 Rf1 60. Ra7 Re1+ 61. Kf5 1-0

[Event "BCF-chT2a 1819 (4NCL)"]
[Site "England"]
[Date "2018.11.10"]
[Round "1.44"]
[White "Ahluwalia, Amardip"]
[Black "Nicholson, Jim WR"]
[Result "1-0"]
[WhiteElo "2132"]
[BlackElo "2004"]
[PlyCount "77"]
[EventDate "2018.11.10"]
[EventType "team-tourn"]
[EventRounds "11"]
[EventCountry "ENG"]
[SourceTitle "EXT 2021"]
[Source "ChessBase"]
[SourceDate "2020.10.23"]
[SourceVersion "1"]
[SourceVersionDate "2020.10.23"]
[SourceQuality "1"]
[WhiteTeam "The ADS"]
[BlackTeam "Bradford DCA Knights"]
[WhiteTeamCountry "ENG"]
[BlackTeamCountry "ENG"]

1. e4 c6 2. c4 d5 3. cxd5 cxd5 4. exd5 Nf6 5. Nc3 g6 6. Bc4 Bg7 7. Nf3 0-0 8. 0-0 Nbd7 9. d3 a6 10. a4 Nb6 11. Qb3 Qd6 12. Be3 Nbd7 13. h3 Ne5 14. Nxe5 Qxe5 15. Rfe1 Qh5 16. Bf4 g5 17. Re5 h6 18. Bg3 Qg6 19. Rxe7 Nh5 20. Ne4 g4 21. h4 Bf5 22. Re1 Bd4 23. Rxb7 Rae8 24. Kh2 Bxe4 25. dxe4 Kh8 26. Qd3 Qf6 27. Re2 Nxg3 28. fxg3 Bc5 29. Re1 Bd6 30. Kg1 Be5 31. Rf1 Qd6 32. Rbxf7 Rxf7 33. Rxf7 Rc8 34. b3 Qb6+ 35. Kh1 Qd6 36. h5 Rg8 37. Qf1 Rg5 38. Rf8+ Kh7 39. Qf7+ 1-0

[Event "Telford 4NCL op"]
[Site "Telford"]
[Date "2018.11.03"]
[Round "7"]
[White "Britton, Richard"]
[Black "Ahluwalia, Amardip"]
[Result "1/2-1/2"]
[WhiteElo "2204"]
[BlackElo "2085"]
[PlyCount "77"]
[EventDate "2018.10.31"]
[EventType "swiss"]
[EventRounds "9"]
[EventCountry "ENG"]
[SourceTitle "CBM 187 Extra"]
[Source "ChessBase"]
[SourceDate "2018.11.04"]
[SourceVersion "1"]
[SourceVersionDate "2018.11.04"]
[SourceQuality "1"]

1. e4 e5 2. Nf3 Nc6 3. Bb5 a6 4. Ba4 Nf6 5. 0-0 b5 6. Bb3 Bc5 7. c3 d6 8. d3 Bb6 9. a4 Rb8 10. Na3 0-0 11. Bg5 h6 12. Bh4 g5 13. Bg3 Bg4 14. axb5 axb5 15. Kh1 Ne7 16. Nc2 Ng6 17. Ne3 Qd7 18. Nxg4 Qxg4 19. h3 Qd7 20. Ng1 Kg7 21. Ne2 Nh5 22. Bh2 Nhf4 23. Ng3 Nh4 24. Nh5+ Nxh5 25. Qxh5 Ng6 26. Rad1 Qe7 27. Bg3 Rbd8 28. Rfe1 Nf4 29. Bxf4 gxf4 30. d4 Qf6 31. g3 fxg3 32. Rg1 Qxf2 33. Rg2 Qf4 34. Rdg1 Kh7 35. Rxg3 Rg8 36. Rf3 Rxg1+ 37. Kxg1 Qg5+ 38. Qxg5 hxg5 39. Rxf7+ 1/2-1/2

[Event "Midland-ch"]
[Site "Telford"]
[Date "2018.08.11"]
[Round "3"]
[White "Ahluwalia, Amardip"]
[Black "Jones, Steven"]
[Result "0-1"]
[WhiteElo "2063"]
[BlackElo "2166"]
[PlyCount "72"]
[EventDate "2018.08.10"]
[EventType "swiss"]
[EventRounds "5"]
[EventCountry "ENG"]
[SourceTitle "EXT 2019"]
[Source "ChessBase"]
[SourceDate "2018.10.10"]
[SourceVersion "1"]
[SourceVersionDate "2018.10.10"]
[SourceQuality "1"]

1. e4 c5 2. Nf3 Nc6 3. d4 cxd4 4. Nxd4 Nf6 5. Nc3 e5 6. Ndb5 d6 7. Bg5 a6 8. Na3 b5 9. Bxf6 gxf6 10. Nd5 f5 11. g3 Bg7 12. Bg2 0-0 13. exf5 Bxf5 14. c3 Rc8 15. Nc2 Be6 16. Nce3 f5 17. Qh5 Ne7 18. Qg5 Nxd5 19. Qxd8 Rfxd8 20. Nxd5 Rc5 21. Rd1 e4 22. Ne3 Bxa2 23. Ra1 Bc4 24. Bh3 b4 25. Nxc4 bxc3 26. b3 d5 27. Bxf5 dxc4 28. Be6+ Kh8 29. bxc4 Bh6 30. Ra2 Rc6 31. Bg4 Rxc4 32. Bd1 a5 33. Bc2 Rb4 34. Rxa5 Rb2 35. Bxe4 c2 36. 0-0 c1Q 0-1

[Event "Basingstoke 4NCL Spring Bank op-A 1st"]
[Site "Basingstoke"]
[Date "2018.05.26"]
[Round "2"]
[White "Jukes, Sam"]
[Black "Ahluwalia, Amardip"]
[Result "0-1"]
[WhiteElo "1797"]
[BlackElo "2019"]
[PlyCount "112"]
[EventDate "2018.05.25"]
[EventType "swiss"]
[EventRounds "7"]
[EventCountry "ENG"]
[SourceTitle "CBM 184 Extra"]
[Source "ChessBase"]
[SourceDate "2018.06.28"]
[SourceVersion "1"]
[SourceVersionDate "2018.06.28"]
[SourceQuality "1"]

1. e4 e5 2. Nf3 Nc6 3. Bc4 Bc5 4. c3 Nf6 5. d3 a6 6. Bb3 d6 7. 0-0 Ba7 8. Nbd2 0-0 9. Re1 Ne7 10. Nf1 Ng6 11. d4 Bg4 12. Bc2 Bxf3 13. Qxf3 exd4 14. c4 Ne5 15. Qe2 Nfg4 16. Bd3 Qf6 17. Rd1 Nxd3 18. Rxd3 Ne5 19. Rg3 d3 20. Qe1 Nxc4 21. Rxd3 Nxb2 22. Bxb2 Qxb2 23. Ne3 Bxe3 24. Rxe3 b5 25. Rb3 Qe5 26. Rc1 c5 27. Rd3 Rad8 28. Rcd1 Rfe8 29. g3 g6 30. f3 d5 31. Qa5 d4 32. Qxa6 c4 33. R3d2 Rd6 34. Qa3 Red8 35. Rc2 d3 36. Rc3 Qd4+ 37. Kg2 Rb8 38. Qb4 Ra8 39. a3 Raa6 40. Rd2 Ra4 41. Qb2 Rda6 42. Qc1 Ra8 43. h4 h5 44. Kh3 R4a6 45. Kg2 Qd6 46. Ra2 Ra5 47. Kh2 Kh7 48. Kg2 Rxa3 49. Rcxa3 Rxa3 50. Rxa3 d2 51. Qd1 Qxa3 52. Qxd2 c3 53. Qd5 Qb2+ 54. Kg1 c2 55. Qxf7+ Qg7 56. Qf4 Qa1+ 0-1

[Event "Jersey op"]
[Site "St Clement Bay"]
[Date "2018.04.07"]
[Round "9.14"]
[White "Kahn, Tito"]
[Black "Ahluwalia, Amardip"]
[Result "1/2-1/2"]
[WhiteElo "1897"]
[BlackElo "2052"]
[PlyCount "56"]
[EventDate "2018.03.31"]
[EventType "swiss"]
[EventRounds "9"]
[EventCountry "GCI"]
[SourceTitle "CBM 183 Extra"]
[Source "ChessBase"]
[SourceDate "2018.04.19"]
[SourceVersion "1"]
[SourceVersionDate "2018.04.19"]
[SourceQuality "1"]

1. d4 Nf6 2. Bf4 g6 3. Nc3 d5 4. e3 Bg7 5. Nf3 0-0 6. Ne5 c5 7. Be2 Nc6 8. h4 cxd4 9. exd4 Qb6 10. Nxc6 bxc6 11. Na4 Qd8 12. Be5 Ne4 13. Bxg7 Kxg7 14. h5 Rb8 15. c3 Qd6 16. Qc1 g5 17. Nc5 h6 18. Nd3 Ba6 19. Qc2 Bxd3 20. Bxd3 Qf4 21. 0-0 Nf6 22. g3 Qf3 23. Be2 Qe4 24. Bd3 Qg4 25. Kg2 Nxh5 26. Bf5 Nf4+ 27. Kg1 Ne2+ 28. Kg2 Nf4+ 1/2-1/2

[Event "Jersey op"]
[Site "St Clement Bay"]
[Date "2018.04.01"]
[Round "2.19"]
[White "Ahluwalia, Amardip"]
[Black "Jaufarally, Nadia"]
[Result "1-0"]
[WhiteElo "2052"]
[BlackElo "1849"]
[PlyCount "73"]
[EventDate "2018.03.31"]
[EventType "swiss"]
[EventRounds "9"]
[EventCountry "GCI"]
[SourceTitle "CBM 183 Extra"]
[Source "ChessBase"]
[SourceDate "2018.04.19"]
[SourceVersion "1"]
[SourceVersionDate "2018.04.19"]
[SourceQuality "1"]

1. e4 c5 2. Nc3 e6 3. f4 a6 4. Nf3 Nc6 5. d3 g6 6. g3 d5 7. Qe2 Nge7 8. Bg2 Bg7 9. 0-0 0-0 10. Nd1 f5 11. Nf2 Qc7 12. Rb1 b5 13. Re1 h6 14. exd5 exd5 15. Be3 d4 16. Bd2 Bd7 17. Ne5 Rae8 18. Nxd7 Qxd7 19. Qe6+ Qxe6 20. Rxe6 Nb8 21. Rbe1 Kf7 22. g4 Bf6 23. g5 Bg7 24. Ba5 hxg5 25. fxg5 Rh8 26. Bd2 Bf8 27. Bd5 Kg7 28. Bf4 Rd8 29. Be5+ Kh7 30. Bxh8 Nxd5 31. Bf6 Nxf6 32. Rxf6 a5 33. Rfe6 Bg7 34. Nh3 Nd7 35. Nf4 Ne5 36. R1xe5 Bxe5 37. Rxe5 1-0

[Event "Hastings Masters op 93rd"]
[Site "Hastings"]
[Date "2018.01.04"]
[Round "8"]
[White "Ahluwalia, Amardip"]
[Black "Britton, Richard"]
[Result "0-1"]
[WhiteElo "2004"]
[BlackElo "2239"]
[PlyCount "70"]
[EventDate "2017.12.28"]
[EventType "swiss"]
[EventRounds "9"]
[EventCountry "ENG"]
[SourceTitle "CBM 182 Extra"]
[Source "ChessBase"]
[SourceDate "2018.02.23"]
[SourceVersion "1"]
[SourceVersionDate "2018.02.23"]
[SourceQuality "1"]

1. e4 c5 2. Nc3 Nc6 3. f4 g6 4. Nf3 Bg7 5. Bb5 Nf6 6. Bxc6 bxc6 7. d3 d6 8. 0-0 0-0 9. Qe1 Rb8 10. Kh1 Ne8 11. Qh4 f5 12. e5 Nc7 13. Ng5 h6 14. Nf3 Ne6 15. Qg3 Kh7 16. Na4 Qe8 17. b3 Nd4 18. Nxd4 cxd4 19. Ba3 c5 20. Rae1 Qc6 21. Qh4 Bb7 22. Rf2 Rbe8 23. Bc1 Kg8 24. Ree2 Qd5 25. Nb2 dxe5 26. fxe5 g5 27. Bxg5 hxg5 28. Qxg5 Qe6 29. Na4 Rc8 30. Re1 Kh7 31. Qh4+ Bh6 32. Qh5 Rg8 33. Ree2 Rg5 34. Qh3 Qg6 35. Kg1 Rh5 0-1

[Event "GBR-ch 104th"]
[Site "Llandudno"]
[Date "2017.08.04"]
[Round "7"]
[White "Ahluwalia, Amardip"]
[Black "Hewson, Brian Wr"]
[Result "1-0"]
[WhiteElo "1995"]
[BlackElo "2023"]
[PlyCount "63"]
[EventDate "2017.07.29"]
[EventType "swiss"]
[EventRounds "9"]
[EventCountry "WLS"]
[SourceTitle "CBM 179 Extra"]
[Source "ChessBase"]
[SourceDate "2017.08.23"]
[SourceVersion "1"]
[SourceVersionDate "2017.08.23"]
[SourceQuality "1"]

1. c4 e5 2. g3 Nc6 3. Bg2 g6 4. Nc3 Bg7 5. Rb1 d6 6. b4 Nf6 7. d3 0-0 8. Nf3 h6 9. 0-0 Be6 10. a4 Qd7 11. b5 Nd8 12. Ba3 Re8 13. Qb3 Bh3 14. Nd5 Bxg2 15. Kxg2 e4 16. Nd2 Nxd5 17. cxd5 e3 18. Nf3 c5 19. bxc6 bxc6 20. dxc6 Nxc6 21. Qd5 exf2 22. Rxf2 Rad8 23. Rb5 Ne7 24. Qb7 Nf5 25. Qxd7 Rxd7 26. e4 Nd4 27. Nxd4 Bxd4 28. Rc2 Bg7 29. Rd5 Bf8 30. Rc6 Re5 31. Rxe5 dxe5 32. Rc8 1-0

[Event "GBR-ch 104th"]
[Site "Llandudno"]
[Date "2017.08.02"]
[Round "5"]
[White "Ahluwalia, Amardip"]
[Black "Longson, Sarah N"]
[Result "0-1"]
[WhiteElo "1995"]
[BlackElo "2074"]
[PlyCount "74"]
[EventDate "2017.07.29"]
[EventType "swiss"]
[EventRounds "9"]
[EventCountry "WLS"]
[SourceTitle "CBM 179 Extra"]
[Source "ChessBase"]
[SourceDate "2017.08.23"]
[SourceVersion "1"]
[SourceVersionDate "2017.08.23"]
[SourceQuality "1"]

1. c4 e6 2. g3 d5 3. Bg2 dxc4 4. Qa4+ Nd7 5. Qxc4 a6 6. Qc2 c5 7. Nf3 Ngf6 8. 0-0 b5 9. d3 Bb7 10. Nc3 Be7 11. b3 0-0 12. Bb2 Qb6 13. e4 Rfd8 14. Rad1 Rac8 15. Ne1 Nb8 16. Qb1 Nc6 17. Ba1 Rd7 18. h3 Rcd8 19. Kh2 Qa5 20. f4 Nb4 21. Rf2 Qc7 22. a3 Nc6 23. Rc1 Qb6 24. Rf1 Nd4 25. Rd1 b4 26. Na4 Qb5 27. axb4 Qxb4 28. Bxd4 cxd4 29. Nf3 Rc7 30. Rc1 Rdc8 31. Rxc7 Rxc7 32. Qb2 a5 33. Nxd4 Rd7 34. Nc2 Qd2 35. Rf3 Nxe4 36. dxe4 Bxe4 37. Nb6 Bxf3 0-1